| 000 | 00676cam a2200229 4500 | ||
|---|---|---|---|
| 008 | 000000n1992 000 0 eng u | ||
| 020 | _a0750901780 | ||
| 035 | _a(Sirsi) u109407 | ||
| 050 | _a630.71 | ||
| 100 | _aSayce, Roger | ||
| 245 | 4 | _aThe history of the Royal Agricultural College Cirencester | |
| 260 |
_aStroud, Gloucestershire _bAlan Sutton _c1992 |
||
| 300 | _axii, 370p ill. ; 26cm. | ||
| 350 | _a20.00 | ||
| 520 | _aWith a forward by HRH The Prince of Wales. RICS is mentioned on p269 & 286 | ||
| 650 | _aAGRICULTURE | ||
| 650 | _aHISTORY | ||
| 650 | _aCAREERS, EDUCATION AND TRAINING | ||
| 650 | _aFARMING | ||
| 690 |
_aRural _96268 |
||
| 942 | _n0 | ||
| 999 |
_c100933 _d100933 |
||